| 000 | 00000nam##2200000za#4500 |
| 001 | 9.618968 |
| 003 | CaOODSP |
| 005 | 20210615103150 |
| 007 | ta |
| 008 | 150406|2008||||xxc||||| f|0| 0 eng|d |
| 022 | |a0706-6457 |
| 040 | |aCaOODSP|beng |
| 043 | |an-cn--- |
| 086 | 1 |aFs97-6/2805E |
| 110 | 1 |aCanada. |bDepartment of Fisheries and Oceans. |
| 245 | 10|aIncreased oxygenation of sediment in Lamèque Bay (New Brunswick) following removal of algae and reduction of nutrient inputs from a seafood processing plant / |cby François Plante and Simon C. Courtenay. |
| 260 | |aMoncton - New Brunswick : |bFisheries and Oceans Canada |c2008. |
| 300 | |av, 36p. : |bcoloured figs., graphs, maps (some coloured), references, tables, photographs ; |c28 cm. |
| 490 | 1 |aCanadian technical report of fisheries and aquatic sciences|x0706-6457|v2805 |
| 500 | |a"Fisheries and Oceans Canada, Gulf Fisheries Centre, P.O. Box 5030, Moncton, NB E1C 9B6".--Cover. |
| 546 | |a(Résumé en français.) |
| 563 | |aSoftcover |
| 590 | |a08-32|b2008-08-08 |
| 690 | 07|aAquatic ecosystems|2gcpds |
| 690 | 07|aEnvironmental protection|2gcpds |
| 690 | 07|aMarine biology|2gcpds |
| 720 | 1 |aCourtenay, S. C. |
| 720 | 1 |aPlante, François |
| 776 | 0#|tIncreased oxygenation of sediment in Lamèque Bay (New Brunswick) following removal of algae and reduction of nutrient inputs from a seafood processing plant / |w(CaOODSP)9.566974 |
| 830 | #0|aCanadian technical report of fisheries and aquatic sciences,|x0706-6457|v2805|w(CaOODSP)9.514691 |